ბათუმის შოთა რუსთაველის სახელმწიფო უნივერსიტეტის ბიბლიოთეკა

Конституционое право зарубежных стран / (ბიბ.ჩანაწერი № 36032)

000 -LEADER
fixed length control field 00937nam a2200265Ia 4500
001 - CONTROL NUMBER
control field 1931
003 - CONTROL NUMBER IDENTIFIER
control field GE_BSU
005 - DATE AND TIME OF LATEST TRANSACTION
control field 20221011144230.0
008 - FIXED-LENGTH DATA ELEMENTS--GENERAL INFORMATION
fixed length control field 181216s2007ru xx |||||||||||||| ||rus||
020 ## - INTERNATIONAL STANDARD BOOK NUMBER
International Standard Book Number 9785482015551
040 ## - CATALOGING SOURCE
Transcribing agency GE_BSU
041 ## - LANGUAGE CODE
Language code of text/sound track or separate title rus
080 ## - UNIVERSAL DECIMAL CLASSIFICATION NUMBER
Universal Decimal Classification number 342.4)1-87)(075) А-45
100 ## - MAIN ENTRY--PERSONAL NAME
Personal name Алебастрова,И.А.
9 (RLIN) 15240
245 ## - TITLE STATEMENT
Title Конституционое право зарубежных стран /
Statement of responsibility, etc. И.А. Алебастрова.
245 ## - TITLE STATEMENT
Remainder of title Учебник. 2- изд. перераб. и доп.
260 ## - PUBLICATION, DISTRIBUTION, ETC.
Place of publication, distribution, etc. Москва
260 ## - PUBLICATION, DISTRIBUTION, ETC.
Name of publisher, distributor, etc. Проспект,
260 ## - PUBLICATION, DISTRIBUTION, ETC.
Date of publication, distribution, etc. 2007
300 ## - PHYSICAL DESCRIPTION
Extent 624 с. ;
Other physical details 21 см.
653 ## - INDEX TERM--UNCONTROLLED
keyword Конституционое право зарубежных стран
653 ## - INDEX TERM--UNCONTROLLED
keyword უცხო ქვეყნების კონსტიტუციური სამართალი
653 ## - INDEX TERM--UNCONTROLLED
keyword სამართალი
942 ## - ADDED ENTRY ELEMENTS (KOHA)
Koha item type წიგნი
Source of classification or shelving scheme
ეგზემპლარები
Withdrawn status Lost status Source of classification or shelving scheme Damaged status Not for loan Permanent Location Current Location Shelving location Date acquired Cost, normal purchase price Full call number Barcode Date last seen Copy number Price effective from Koha item type Public note
          ბათუმის შოთა რუსთაველის სახელმწიფო უნივერსიტეტის მთავარი ბიბლიოთეკა ბათუმის შოთა რუსთაველის სახელმწიფო უნივერსიტეტის მთავარი ბიბლიოთეკა წიგნსაცავი 2018-12-17 20.00 342.4)1-87)(075) А-45 3946 2018-12-17 3946 2018-12-17 წიგნი 20.00